书目信息 |
| 题名: |
分析化学中的小波分析技术
|
|
| 作者: | 卢小泉 , 刘宏德 编著 | |
| 分册: | ||
| 出版信息: | 北京 化学工业出版社 2006.01 |
|
| 页数: | 200页 | |
| 开本: | 21cm | |
| 丛书名: | 分析科学现代方法丛书 | |
| 单 册: | ||
| 中图分类: | O65 | |
| 科图分类: | ||
| 主题词: | 小波分析--xiao bo fen xi--应用--分析化学 | |
| 电子资源: | ||
| ISBN: | 7-5025-7790-4 | |
| 000 | 00989nam 2200253 450 | |
| 001 | 012006276500 | |
| 005 | 20060422103921.51 | |
| 010 | @a7-5025-7790-4@dCNY25.00 | |
| 100 | @a20060422d2006 km y0chiy0120 ea | |
| 101 | 0 | @achi |
| 102 | @aCN@b110000 | |
| 105 | @aa z 000yy | |
| 200 | 1 | @a分析化学中的小波分析技术@Afen xi hua xue zhong de xiao bo fen xi ji shu@f卢小泉, 刘宏德编著@Flu xiao quan,liu hong de bian zhu |
| 210 | @a北京@c化学工业出版社@d2006.01 | |
| 215 | @a200页@c图@d21cm | |
| 225 | 2 | @a分析科学现代方法丛书@Afen xi ke xue xian dai fang fa cong shu |
| 330 | @a本书介绍了近年来迅速兴起并广泛应用的小波分析技术在分析化学中的应用,包括小波分析和Fourier分析的基本原理和算法、重叠分析信号的小波分析方法等内容。 | |
| 410 | 0 | @12001 @a分析科学现代方法丛书 |
| 606 | 0 | @a小波分析@Axiao bo fen xi@x应用@x分析化学 |
| 690 | @aO65@v4 | |
| 701 | 0 | @a卢小泉@Alu xiao quan@4编著 |
| 701 | 0 | @a刘宏德@Aliu hong de@4编著 |
| 801 | 0 | @aCN@bQSSK@c20060422 |
| 905 | @a10447@dO65@eL793 | |
| 分析化学中的小波分析技术/卢小泉, 刘宏德编著.-北京:化学工业出版社,2006.01 |
| 200页:图;21cm.-(分析科学现代方法丛书) |
| ISBN 7-5025-7790-4:CNY25.00 |
| 本书介绍了近年来迅速兴起并广泛应用的小波分析技术在分析化学中的应用,包括小波分析和Fourier分析的基本原理和算法、重叠分析信号的小波分析方法等内容。 |
| ● |
| 相关链接 |
|
|
|
正题名:分析化学中的小波分析技术
索取号:O65/L793
 
预约/预借
| 序号 | 登录号 | 条形码 | 馆藏地/架位号 | 状态 | 备注 |
| 1 | 558604 | 205586043 | 自科库401/401自科库 65排2列3层/ [索取号:O65/L793] | 在馆 | |
| 2 | 558605 | 205586052 | 自科库401/401自科库 65排2列3层/ [索取号:O65/L793] | 在馆 | |
| 3 | 558606 | 205586061 | 自科库401/401自科库 65排2列3层/ [索取号:O65/L793] | 在馆 |